[Event "juli1-2"]
[Site "http://www.queenalice.com/game.php?id=1025047"]
[Date "2012.2.2"]
[Round "1"]
[White "Fauquinelle"]
[Black "SirKnight"]
[Result "1-0"]
[WhiteElo "1929"]
[BlackElo "2084"]

1. e4 e5 2. Nf3 Nc6 3. Bb5 Nf6 4. O-O Bc5 5. c3 O-O 6. d4 Bb6 7. Bg5 h6 8. Bh4
d6 9. Qd3 Bg4 10. Nbd2 Bh5 11. a4 a6 12. Bxc6 bxc6 13. a5 Ba7 14. Rab1 Qe7 15.
b4 Qe6 16. Bg3 exd4 17. Nxd4 Qd7 18. f3 c5 19. bxc5 dxc5 20. Qxa6 cxd4 21. Kh1
Bb6 22. Qd3 Bxa5 23. cxd4 Bxd2 24. Qxd2 Ra7 25. Qc3 Bg6 26. Rbc1 Rfa8 27. d5 Ne8
28. Bf2 1-0

[Event "AUTO-MASTER-1585"]
[Site "http://www.queenalice.com/game.php?id=1027786"]
[Date "2012.2.8"]
[Round "1"]
[White "Zardoz"]
[Black "SirKnight"]
[Result "1-0"]
[WhiteElo "2127"]
[BlackElo "1993"]

1. Nf3 Nf6 2. c4 d5 3. cxd5 Nxd5 4. g3 Nc6 5. Bg2 e5 6. d3 Bb4+ 7. Bd2 Bxd2+ 8.
Nbxd2 O-O 9. O-O Be6 10. Ne4 Qe7 11. Rc1 h6 12. Nc5 Rab8 13. Qa4 Nb6 14. Qh4
Qxh4 15. Nxh4 Nd4 16. Nxe6 Nxe2+ 17. Kh1 Nxc1 18. Nxf8 Nxd3 19. Nfg6 fxg6 20.
Nxg6 c6 21. b3 Kf7 22. Nh4 Re8 23. Be4 Rd8 24. Nf3 Nc5 25. Re1 Kf6 26. Bc2 1-0

[Event "AUTO-MASTER-1585"]
[Site "http://www.queenalice.com/game.php?id=1027787"]
[Date "2012.2.8"]
[Round "1"]
[White "SirKnight"]
[Black "Zardoz"]
[Result "0-1"]
[WhiteElo "2004"]
[BlackElo "2118"]

1. e4 b6 2. d4 Bb7 3. Nc3 e6 4. d5 exd5 5. exd5 Nf6 6. Nf3 Bb4 7. Bc4 Qe7+ 8.
Be3 O-O 9. O-O Bxc3 10. bxc3 d6 11. Re1 Qd7 12. Bb3 Na6 13. Bd4 Qf5 14. c4 Rfe8
15. Qd2 Nc5 16. Bxc5 dxc5 17. c3 Rad8 18. Bc2 Qh5 19. Rxe8+ Rxe8 20. h3 Bc8 21.
Re1 Rxe1+ 22. Nxe1 Qe5 23. Nd3 Qd6 24. Qe3 Bf5 25. Ne1 Bxc2 26. Nxc2 Kf8 27. Ne1
Qe7 28. Qxe7+ Kxe7 29. f3 Kd6 30. Nd3 b5 0-1

[Event "AUTO-MASTER-1585"]
[Site "http://www.queenalice.com/game.php?id=1027804"]
[Date "2012.2.8"]
[Round "1"]
[White "SirKnight"]
[Black "CCapivara"]
[Result "1-0"]
[WhiteElo "2062"]
[BlackElo "2082"]

1. e4 e5 2. Nf3 d6 3. d4 exd4 4. Nxd4 Nf6 5. Nc3 Be7 6. Bc4 O-O 7. O-O Nbd7 8.
Nf5 Ne5 9. Nxe7+ Qxe7 10. Nd5 Nxd5 11. Bxd5 c6 12. Bb3 Be6 13. Bf4 Bxb3 14. axb3
a6 15. Re1 Rad8 16. Qd2 Ng6 17. Bg3 Rfe8 18. Re3 Ne5 19. Bxe5 dxe5 20. Qe2 Rd4
21. Rd1 g6 22. c3 Rxd1+ 23. Qxd1 Rd8 24. Rd3 Rxd3 25. Qxd3 Kg7 26. b4 Qg5 27.
Qc2 Qd8 28. Kf1 Qd7 29. f3 h5 30. Ke2 Kf6 31. Qd3 Qxd3+ 32. Kxd3 h4 33. Ke3 g5
34. Kd3 Ke6 35. c4 b6 36. b3 f5 37. exf5+ Kxf5 38. Ke3 g4 39. fxg4+ Kxg4 40. Ke4
1-0

[Event "AUTO-MASTER-1585"]
[Site "http://www.queenalice.com/game.php?id=1027805"]
[Date "2012.2.8"]
[Round "1"]
[White "CCapivara"]
[Black "SirKnight"]
[Result "0-1"]
[WhiteElo "2084"]
[BlackElo "2050"]

1. e4 e5 2. Nc3 Nf6 3. Nf3 Nc6 4. Bc4 Be7 5. O-O O-O 6. d3 d6 7. h3 Bd7 8. a3
Na5 9. Ba2 Nc6 10. Be3 Qc8 11. Kh2 h6 12. Qd2 Be6 13. Bxe6 fxe6 14. Ng1 Kh7 15.
Nge2 a6 16. Rad1 d5 17. d4 exd4 18. Nxd4 Ne5 19. exd5 Nc4 20. Qe2 Nxe3 21. Qxe3
e5 22. Ne6 Rf7 23. Qxe5 Bd6 24. f4 Bxe5 25. fxe5 Nxd5 26. Rxf7 Qxe6 0-1

[Event "AUTO-MASTER-1587"]
[Site "http://www.queenalice.com/game.php?id=1028824"]
[Date "2012.2.11"]
[Round "1"]
[White "SirKnight"]
[Black "kandido"]
[Result "1-0"]
[WhiteElo "2062"]
[BlackElo "2119"]

1. e4 c5 2. Nf3 d6 3. d4 cxd4 4. Nxd4 Nf6 5. Nc3 a6 6. Bd3 e5 7. Nf5 Bxf5 8.
exf5 d5 9. O-O e4 10. Be2 d4 11. Nb1 Nc6 12. Bg5 Be7 13. Re1 Nd5 14. Bxe7 Ndxe7
15. Bg4 e3 16. fxe3 f6 17. exd4 Qxd4+ 18. Qxd4 Nxd4 19. Na3 O-O 20. Rxe7 1-0

[Event "AUTO-MASTER-1587"]
[Site "http://www.queenalice.com/game.php?id=1028825"]
[Date "2012.2.11"]
[Round "1"]
[White "kandido"]
[Black "SirKnight"]
[Result "1-0"]
[WhiteElo "2058"]
[BlackElo "2080"]

1. d4 Nf6 2. c4 e6 3. Nc3 Bb4 4. Qc2 O-O 5. e4 d5 6. e5 Ne4 7. Bd3 f5 8. Ne2 Nd7
9. a3 Be7 10. cxd5 Nxc3 11. Nxc3 Nb6 12. O-O Nxd5 13. Bd2 b6 14. Nxd5 exd5 15.
b4 Bg5 16. Bxg5 Qxg5 17. Qxc7 f4 18. Qd6 Bh3 19. Qxd5+ Kh8 20. Qf3 Bg4 21. Qe4
Bf5 22. Qe2 Bg4 23. f3 Be6 24. Bc4 1-0

[Event "AUTO-MASTER-1587"]
[Site "http://www.queenalice.com/game.php?id=1028826"]
[Date "2012.2.11"]
[Round "1"]
[White "SirKnight"]
[Black "CCapivara"]
[Result "0-1"]
[WhiteElo "2079"]
[BlackElo "2070"]

1. e4 e5 2. Nf3 d6 3. d4 exd4 4. Nxd4 Nf6 5. Nc3 Be7 6. Be2 O-O 7. O-O Nc6 8.
Be3 Bd7 9. Re1 Nxd4 10. Bxd4 Bc6 11. Bf3 Re8 12. Nd5 Bxd5 13. exd5 Nd7 14. c4
Bf6 15. Bxf6 Nxf6 16. Qd2 Qd7 17. Re3 b6 18. Rae1 h6 19. h3 g5 20. Rxe8+ Rxe8
21. Rxe8+ Qxe8 22. b3 Qe5 23. Qe2 Nd7 24. Qxe5 Nxe5 25. Be2 f5 26. g3 Kg7 27. f3
Kf6 28. Kf2 f4 29. Bf1 Ng6 30. g4 Ke5 31. Ke2 Kd4 32. Kd2 Nh4 33. Be2 a6 34. a3
a5 35. Bd1 Ng2 36. Bc2 Ne3 37. Bg6 a4 0-1

[Event "AUTO-MASTER-1587"]
[Site "http://www.queenalice.com/game.php?id=1028827"]
[Date "2012.2.11"]
[Round "1"]
[White "CCapivara"]
[Black "SirKnight"]
[Result "1-0"]
[WhiteElo "2048"]
[BlackElo "2067"]

1. e4 e5 2. Nf3 Nc6 3. Bc4 Nf6 4. d3 Be7 5. O-O O-O 6. a3 d6 7. h3 h6 8. Be3 Nh7
9. Nc3 Ng5 10. Nd5 Nxf3+ 11. Qxf3 Bg5 12. Bxg5 hxg5 13. c3 Be6 14. Rad1 Na5 15.
Ba2 c6 16. Nb4 Bxa2 17. Nxa2 c5 18. Nc1 Nc6 19. Ne2 Ne7 20. Ng3 f6 21. d4 Qb6
22. dxc5 Qxc5 23. Nf5 Nxf5 24. Qxf5 Kf7 25. Qd7+ 1-0

[Event "AUTO-MASTER-1587"]
[Site "http://www.queenalice.com/game.php?id=1028828"]
[Date "2012.2.11"]
[Round "1"]
[White "SirKnight"]
[Black "PallBrandt"]
[Result "1-0"]
[WhiteElo "2050"]
[BlackElo "1941"]

1. e4 c5 2. Nf3 d6 3. d4 cxd4 4. Nxd4 Nf6 5. Nc3 Nc6 6. Be2 g6 7. O-O Bg7 8. Be3
O-O 9. Qd2 Qc7 10. h3 Nd7 11. Nxc6 bxc6 12. Bh6 Bb7 13. Bxg7 Kxg7 14. f4 Rab8
15. Rad1 c5 16. b3 Nf6 17. Nd5 Bxd5 18. exd5 Kg8 19. c4 Ne4 20. Qe3 Nf6 21. Rfe1
Rfe8 22. Bf3 a5 23. Qe2 Qa7 24. Rd3 a4 25. Re3 Kf8 26. Qb2 axb3 27. axb3 Nd7 28.
Qh8# 1-0

[Event "AUTO-MASTER-1587"]
[Site "http://www.queenalice.com/game.php?id=1028829"]
[Date "2012.2.11"]
[Round "1"]
[White "PallBrandt"]
[Black "SirKnight"]
[Result "1/2-1/2"]
[WhiteElo "1898"]
[BlackElo "2063"]

1. d4 Nf6 2. c4 e6 3. Nc3 Bb4 4. Bd2 O-O 5. Nf3 c5 6. e3 Nc6 7. d5 exd5 8. cxd5
Ne7 9. a3 Bxc3 10. Bxc3 Ne4 11. d6 Nf5 12. Be5 Qa5+ 13. Nd2 Qxd2+ 14. Qxd2 Nxd2
15. Kxd2 Re8 16. Bf4 a6 17. g4 Nh4 18. Be2 b6 19. Rhg1 Bb7 20. Bg3 Nf3+ 21. Bxf3
Bxf3 22. h3 Rac8 23. Rge1 Re6 24. Bf4 h6 25. b3 g5 26. Bg3 Bg2 27. h4 Bf3 28.
hxg5 hxg5 29. Rg1 Kg7 30. Bh2 Rh8 31. Bg3 Kg6 32. Rac1 Bxg4 33. Bf4 f5 34. Bg3
Bf3 35. a4 g4 1/2-1/2

[Event "sorim-2"]
[Site "http://www.queenalice.com/game.php?id=1061252"]
[Date "2012.5.18"]
[Round "2"]
[White "Cowdog"]
[Black "SirKnight"]
[Result "0-1"]
[WhiteElo "1368"]
[BlackElo "1992"]

1. e4 e5 2. Nf3 Nc6 3. Bc4 Nf6 4. Nc3 Be7 5. O-O O-O 6. d4 d6 7. Be3 exd4 8.
Bxd4 Nxd4 9. Nxd4 Bg4 10. Qd2 Bh5 11. Rae1 Bg6 12. Re3 Ng4 13. Rg3 Ne5 14. Bd5
c6 15. Bb3 Bh4 16. Rh3 c5 17. Nde2 Bh5 18. g3 Nf3+ 0-1